000 00575nam a2200217Ia 4500
999 _c86975
_d86975
003 0100
005 20170301092256.0
008 130307s9999 xx 000 0 und d
040 _cARRUPELIB
050 _aBR325.G451930
100 _aGrisar, Hartmann
_929184
245 _aMartin Luther
245 _bHis Life and Work
260 _aWestminster, Maryland
260 _bThe Newman Press
260 _c1930
300 _a609p
600 _aLuther, Martin
_929170
700 _aAdapted from the second German Edition by Frank J. Eble, Edited by Arthur Preuss
_929185
942 _2lcc
_cMONOGRAPH